Statistics for Words Related to "Know"

Click here to take the quiz!

General Stats

  • This quiz has been taken 199 times
  • The average score is 8 of 26

Answer Stats

Definition Word % Correct
is able to (e.g. "yes, we ___")can
77%
to refuse to give one's attention toignore
68%
to determine what illness a patient hasdiagnose
66%
neither believing nor disbelieving (e.g. in religion)agnostic
64%
a single tone played by a musical instrumentnote
60%
a person whom one has met (but less than a friend)acquaintance
59%
to signal that one has received somethingacknowledge
45%
uneducatedignorant
39%
friends and neighbors (e.g. "____ and kin")kith
30%
a person with fine taste (e.g. for wine)connoisseur
30%
to identify someone whom one has met beforerecognize
28%
possessing a hereditary titlenoble
24%
a writing system (e.g. for music or chess)notation
23%
to scout a region (e.g. for military purposes)reconnoiter
23%
a published announcement or warningnotice
22%
using a false identityincognito
18%
having a bad reputation for somethingnotorious
16%
to tell a story using speech or writingnarrate
14%
sharp and eagerkeen
14%
the ability to perceive and thinkcognition
13%
to show affection by holding someone closelycuddle
12%
attractively old-fashionedquaint
11%
a capricious ideanotion
7%
crude and uncultureduncouth
5%
mysterious or supernatural (e.g. of an ability)uncanny
4%
skilled at deceitcunning
4%

Score Distribution

Percentile by Number Answered

Percent of People with Each Score

Your Score History

You have not taken this quiz